Fichário De País #1 - Japão - Statistics

Estatísticas Gerais
  • Esse quiz foi jogado 35 vezes
  • A pontuação média é 9 de 15
Estatísticas das Respostas
Hint Resposta % Correto
Capital Tóquio
100%
Cor do Círculo na Bandeira Vermelho
100%
Com Qual Nação Sediou Essa Copa Do Mundo Coréia Do Sul
88%
Idioma Falado Japonês
88%
Monte Famoso Monte Fuji
88%
Animações Japonesas são: Anime
79%
Ano da Copa do Mundo que Sediou 2002
75%
Moeda Oficial Iene
71%
País Mais Próximo Rússia
71%
Ilha Onde se Localiza a Cidade de Naha Okinawa
38%
Segunda Maior Cidade Yokohama
38%
Maior Campeão Do Campeonato Nacional Kashima Antlers
29%
Representante No Mundial de Clubes Urawa Red
29%
Magnetude do Maior Terremoto 9,1
25%
Principal Cidade Na Ilha de Hokkaido Sapporo
21%
Nenhum quiz correspondente encontrado
Distribuição das Pontuações
Porcentagem de Pessoas com Cada Pontuação
Percentil de Números Respondidos
Sua Pontuação Histórica
Você não jogou esse quiz